| 000 | 00552cam a22002171 4500 | ||
|---|---|---|---|
| 001 | ca 34000791 | ||
| 003 | DLC | ||
| 005 | 20260227111132.0 | ||
| 008 | 880921s1934 ksu 000 0 eng | ||
| 010 | _aca 34000791 | ||
| 035 | _a(OCoLC)18508512 | ||
| 040 |
_aDLC _cRPB _dDLC |
||
| 042 | _apremarc | ||
| 050 | 0 | 0 |
_aPS3537.M6766 _bH5 1934 |
| 082 | _a811.5 | ||
| 100 | 1 | _aSmith, Neal J. | |
| 245 | 1 | 0 |
_aHighways and byways of life ... _cby Neal J. Smith. |
| 260 |
_aSalina, Kan., _cc1934. |
||
| 300 |
_a23 p. _c21 cm. |
||
| 500 | _aOn cover: Poems. | ||
| 999 |
_c17349 _d17349 |
||